| 000 | 00589nam a2200181Ia 4500 | ||
|---|---|---|---|
| 008 | 090630s9999 xx 000 0 und d | ||
| 082 | _b3794 | ||
| 100 | _aआपटे ह. ना. | ||
| 245 |
_aभास कवींची नाटके. _cआपटे ह. ना. |
||
| 260 |
_bआर्यभुषण. _c1968 |
||
| 300 | _a131 | ||
| 600 | _aआपटे ह. ना. | ||
| 630 | _aभास कवींची नाटके. | ||
| 655 | _aनाटक. | ||
| 700 | _aआपटे ह. ना. | ||
| 730 | _aभास कवींची नाटके. | ||
| 942 | _cBOOK | ||
| 999 |
_c255650 _d255650 |
||